000 00769nam a2200229Ia 4500
005 20150302113218.0
010 _aBAC-EN21 ENG-112087
020 _a9788126528813
_c529.00
035 _aB-584472-491
035 _aEN-95619
037 _bAsian Book Centre/Ven
_adpl
037 _bDBAD
082 _a627.52
100 _aRaghunath, H.M.
245 _aIrrigation engineering /
_cby H.M. Raghunath
260 _c2012(repr.)
_aNew Delhi
_bJohn Wiley
270 _a4435-36/7, Ansari Road, Daryaganj
_bNew Delhi
_e110002
300 _c24cm(pbk)
_axxiii,522p.:
_bill.
500 _aIncludes index
942 _cEN
_2ddc
_h627.52
_mRAG
999 _c88057
_d88057